| 000 | 00698nam a22002177a 4500 | ||
|---|---|---|---|
| 999 |
_c6726 _d6726 |
||
| 003 | AR-CdUCM | ||
| 008 | 190319b ||||| |||| 00| 0 spa d | ||
| 040 |
_aMUNICIPALIDAD PROVINCIAL DEL CUSCO _cBIBLIOTECA MUNICIPAL DEL CUSCO |
||
| 082 |
_26ed. _a082 / _bP66 |
||
| 100 |
_aPlatón _917519 |
||
| 245 | _aLa República / | ||
| 260 |
_aLima : _bUniverso, _c1980. |
||
| 300 |
_a286 páginas ; _c17 cm. |
||
| 440 |
_aColección autores clásicos _n : 1 _918932 |
||
| 500 | _aPrólogo de Augusto Salazar Bondy. | ||
| 650 |
_aFilosofía griega _918933 |
||
| 650 |
_aJusticia - Filosofía _918934 |
||
| 650 |
_aEstado - Ciencia política - Filosofía _918935 |
||
| 942 |
_2ddc _cLIBROS |
||
| 945 | _alccs | ||